00380nam a22001217a 4500020001800000082001700018100002300035245007500058260006300133300001600196504001900212650002700231 a9789383079322 a394.1bSAW-G aSawian, Sumar Sing aGolden Vine of Ri-HynniewtrepbThe Khasi Heritage/cSumar Sing Sawaian aGuwahati:bVivekananda Kendra Institute of Culture,c2020. a100p.bill. aIncludes index aIndic people—Culture